Guess The Holidays In Emoji's - Statistics

General Stats
  • This quiz has been taken 317 times
  • The average score is 4 of 10
Answer Stats
Hint Answer % Correct
πŸŽ…πŸ¦ŒπŸŽ christmas
100%
πŸ‘»πŸ§ŸπŸ¬ halloween
98%
πŸ₯šπŸ°πŸ₯• easter
97%
πŸŒ•πŸ‰πŸ§§ chinese new year
74%
πŸͺ”πŸ•―️πŸ₯» diwali
13%
⬛5οΈβƒ£πŸ“… black friday
12%
β˜€οΈβŒπŸ« summer holiday
11%
β„οΈβŒπŸ« winter holiday
10%
βš”οΈπŸ”«πŸ˜” anzac day
2%
❌🏫😊 weekends
2%
No matching quizzes found
Score Distribution
Percent of People with Each Score
Percentile by Number Answered
Your Score History
You have not taken this quiz